<?xml version="1.0" encoding="UTF-8"?>
<record
    xmlns:xsi="http://www.w3.org/2001/XMLSchema-instance"
    xsi:schemaLocation="http://www.loc.gov/MARC21/slim http://www.loc.gov/standards/marcxml/schema/MARC21slim.xsd"
    xmlns="http://www.loc.gov/MARC21/slim">

  <leader>01138nam a2200253 i 4500</leader>
  <datafield tag="999" ind1=" " ind2=" ">
    <subfield code="c">22961</subfield>
    <subfield code="d">22961</subfield>
  </datafield>
  <controlfield tag="003">AR-CdUCM</controlfield>
  <controlfield tag="008">240802b20162016   ||||| |||| 00| 0 spa d</controlfield>
  <datafield tag="020" ind1=" " ind2=" ">
    <subfield code="a">978-84-7112-818-8</subfield>
  </datafield>
  <datafield tag="040" ind1=" " ind2=" ">
    <subfield code="a">MUNICIPALIDAD PROVINCIAL DEL CUSCO</subfield>
    <subfield code="c">BIBLIOTECA MUNICIPAL DEL CUSCO</subfield>
  </datafield>
  <datafield tag="082" ind1=" " ind2=" ">
    <subfield code="a">372.6 / B78</subfield>
    <subfield code="b">B78</subfield>
  </datafield>
  <datafield tag="100" ind1=" " ind2=" ">
    <subfield code="a">Bowkett, Steve</subfield>
  </datafield>
  <datafield tag="245" ind1=" " ind2=" ">
    <subfield code="a">La utilizaci&#xF3;n del c&#xF3;mic para mejorar la expresi&#xF3;n oral, la lectura y la escritura /</subfield>
  </datafield>
  <datafield tag="300" ind1=" " ind2=" ">
    <subfield code="a">196 p&#xE1;ginas. :</subfield>
    <subfield code="c">24 cm.</subfield>
  </datafield>
  <datafield tag="505" ind1=" " ind2=" ">
    <subfield code="a">El c&#xF3;mic como organizador visual para planificar la escritura -- Inicios fuertes -- L&#xED;neas introductorias -- &#xBF;Qu&#xE9; quiere que vea el lector? -- Los detalles aumentan la tensi&#xF3;n -- Salto a la acci&#xF3;n -- Peque&#xF1;os detalles importantes -- El dibujo como taquigraf&#xED;a visual, 70 --Redactar el guion -- Desenlaces fuertes -- Crear personajes &#xE1;giles </subfield>
  </datafield>
  <datafield tag="650" ind1=" " ind2=" ">
    <subfield code="a">El c&#xF3;mic</subfield>
    <subfield code="9">50131</subfield>
  </datafield>
  <datafield tag="650" ind1=" " ind2=" ">
    <subfield code="a">Escritura </subfield>
    <subfield code="9">4757</subfield>
  </datafield>
  <datafield tag="650" ind1=" " ind2=" ">
    <subfield code="a">Taquigraf&#xED;a visual </subfield>
    <subfield code="9">50132</subfield>
  </datafield>
  <datafield tag="650" ind1=" " ind2=" ">
    <subfield code="a">Crea personajes </subfield>
    <subfield code="9">50133</subfield>
  </datafield>
  <datafield tag="650" ind1=" " ind2=" ">
    <subfield code="a">G&#xE9;nero narrativo </subfield>
    <subfield code="9">50134</subfield>
  </datafield>
  <datafield tag="700" ind1=" " ind2=" ">
    <subfield code="a">Hitchman, Tony </subfield>
    <subfield code="9">50135</subfield>
  </datafield>
  <datafield tag="942" ind1=" " ind2=" ">
    <subfield code="2">ddc</subfield>
    <subfield code="c">LIBROS</subfield>
  </datafield>
  <datafield tag="945" ind1=" " ind2=" ">
    <subfield code="a">pbj</subfield>
    <subfield code="d">2024-08-02</subfield>
  </datafield>
  <datafield tag="952" ind1=" " ind2=" ">
    <subfield code="0">0</subfield>
    <subfield code="2">ddc</subfield>
    <subfield code="4">0</subfield>
    <subfield code="7">0</subfield>
    <subfield code="a">SH</subfield>
    <subfield code="b">SH</subfield>
    <subfield code="c">CART</subfield>
    <subfield code="d">2024-08-02</subfield>
    <subfield code="e">donaci&#xF3;n</subfield>
    <subfield code="g">10.00</subfield>
    <subfield code="o">372.6 / B78 </subfield>
    <subfield code="p">SH0000016787</subfield>
    <subfield code="r">2024-08-02</subfield>
    <subfield code="y">LIBROS</subfield>
  </datafield>
</record>
